000 00568nam a2200205Ia 4500
005 20250508164126.0
008 008 250505s9999 xx 000 0 eng d
020 _a0-415-30769-4
037 _aTextual
040 _aFEDL
_beng
_cFEDL
041 _aeng
_2eng
084 _a305.31, JUN
_qFEDL
100 _aJung Carl Gustav
245 0 _aAspects of the masculine
260 _aLondon, UK
_bRoutledge and Kegan Paul Limited
_c1989
300 _axxii,199p
650 _aSocial Structure
942 _cTEXL
_h305.31, JUN
999 _c1387186
_d1387186